Регионална библиотека "Любен Каравелов" - Русе

Години в броня (Запис номер 184431)

MARC детайли
000 -Лидер
Контролно поле с фиксирана дължина nam a22 a 4500
003 - Код на организацията, давaща контролен номер
Контролно поле BLK
005 - Дата и час на последна редакция
Контролно поле 20221124165046.0
008 - Елементи от данни с фиксирана дължина
fixed length control field 180411b bul|||||r ||||||| ||bul||
040 ## - Източник на каталожния запис
Идентификатор на билиотеката - собственик на записа BLK
041 ## - Код за език
Код за езика на текст/звукозапис или на отделно заглавие Български
Код за езика КДБФ Български
080 ## - УДК
Текстов определител УДК Военна история - Военни походи, битки, героични подвизи. Вж и 93/99
УДК код - определител по УДК 355.48
УДК определител (47+57)
УДК - код + определител 355.48(47+57)
100 1# - Редна дума - Автор
Автор Драгунски, Давид А.
Авторска отговорност първи автор
R(LIN) 65246
139 ## - Редно поле
Редна дума Драгунски, Давид А.
Авторски знак Драго - Д 86
245 10 - Сведения за заглавието
Заглавие Години в броня
Подзаглавни данни [Спомени]
Редно поле (дума) Давид А. Драгунски ; прев. от рус. Полина Недялкова.
257 ## - Страна на издаване
Страна на създаване/издаване Русия
260 ## - Област на издателските данни
Място на издаване, разпространение и проч. София
Име на издателя, разпространителя и проч. Воен. изд.
Година на издаване 1979
300 ## - Физическа характеристика
Страници 336 с.
Размери/Мащаб 23 см
380 ## - Жанр
Жанр Обществени науки
500 ## - Общи забележки
Забележка Ориг. загл. Годы в броне. Означеното 2. поправ. и доп. изд. се отнася за съв. изд. Съветските танкови войски през Отеч. война 1941-1945 г. - 10 125 тир.
650 #4 - Допълнително описание по предмет – тема
Основно описание – тема или топоним Велика отечествена война - СССР - спомени
9 (RLIN) 277456
651 #4 - Допълнително описание по предмет - топоним
Географско понятие СССР
9 (RLIN) 179592
653 ## - Ключова дума – ненормативна
Ключова дума Велика отечествена война
653 ## - Ключова дума – ненормативна
Ключова дума танкове
653 ## - Ключова дума – ненормативна
Ключова дума военна история
700 1# - Други автори (авторска отговорност)
Лично име Недялкова, Полина
Автороска отговорност (Описва отношението между автора и произведението) прев. от рус.
9 (RLIN) 343526
852 ## - Местоположение
Форматна сигнатура Цб 97839
856 4# - Електронен адрес и достъп
Електронен формат pdf - файл
Инструкция (цена за достъп) 0.00
Права за достъп disable
856 4# - Електронен адрес и достъп
Електронен формат pdf - файл
Инструкция (цена за достъп) 0.00
Права за достъп disable
999 ## - СИСТЕМНИ КОНТРОЛНИ НОМЕРА
Koha biblionumber 184431
Koha biblioitemnumber 184431
942 ## - АРТИКУЛИ
Вид на библиотечния материал Книги
Скрит в OPAC Не
Периодичен библиозапис Да
944 ## - СЪЗДАВАНЕ И РЕДАКЦИЯ на ЗАПИСА
Създаване/Редакция Създаване
Дата на регистрацията/редакция 17.10.2016
Служител, извършил регистрацията/редакцията Валя_Йорданова
944 ## - СЪЗДАВАНЕ И РЕДАКЦИЯ на ЗАПИСА
Създаване/Редакция Редакция
Дата на регистрацията/редакция 17.10.2016
Служител, извършил регистрацията/редакцията Валя_Йорданова
999 ## - СИСТЕМНИ КОНТРОЛНИ НОМЕРА
Koha biblioitemnumber 184431
Наличности
Код за отписване Код за изгубен артикул Източник на класификационната схема Код за повреда Коз за рестрикции Код за отдаване Артикулен № Име на библиотеката - собственик Име на библиотеката, в която се намира в момента Статус (Текущо местоположение) Дата на вписване в системата Местоположение - отдел Цена в лева Инвентарен номер Систематично азбучна сигнатура Баркод Номер на екземпляра Цена в евро Служебна бележка Служебен тип на артикула
  Не е изгубен Universal Decimal Classification Не е повреден само за читалня ползва се в читалня 318829 Регионална библиотека "Любен Каравелов" Русе Регионална библиотека "Любен Каравелов" Русе Хранилище 1979-01-01 Хранилище 2.00 279405 Цб 97839 120000279405 1 1.02 Дост: Dp Вид: Д N: Сф Дата: 01.01.1979 Книги
Изтеглен Не е изгубен Universal Decimal Classification Не е повреден без рестрикции заемане за дома 318830 Регионална библиотека "Любен Каравелов" Русе Регионална библиотека "Любен Каравелов" Русе Заемна - подръчен фонд 1979-01-01 Заемна - подръчен фонд 2.00 281426 П 355.48/Д 86 281426 2 1.02 N: Сф Дата: 01.01.1979 Книги
Vip Innovations Ltd, Rousse, Bulgaria 2025